¿ Quién manda en casa: influencia norteamericana, antiimperialismo y martinato en El Salvador (1911-1944)? /
Este artículo constituye un avance de un trajo mas amplio que pretende analizar cómo han sido las relaciones políticas y económicas de El Salvador con los Estados Unidos durante el siglo XX. Se busca, por un lado, comprender los márgenes de autonomía o la larga relación heterónima que El Salvador ha...
Uloženo v:
| Hlavní autor: | |
|---|---|
| Médium: | Text |
| Témata: | |
| Tagy: |
Přidat tag
Žádné tagy, Buďte první, kdo vytvoří štítek k tomuto záznamu!
|
MARC
| LEADER | 00000 a a2200000 04500 | ||
|---|---|---|---|
| 001 | 5270 | ||
| 003 | |||
| 040 | |||
| 100 | |a Argueta, Ricardo | ||
| 245 | |a ¿ Quién manda en casa: influencia norteamericana, antiimperialismo y martinato en El Salvador (1911-1944)? / |c Ricardo Argueta | ||
| 520 | |a Este artículo constituye un avance de un trajo mas amplio que pretende analizar cómo han sido las relaciones políticas y económicas de El Salvador con los Estados Unidos durante el siglo XX. Se busca, por un lado, comprender los márgenes de autonomía o la larga relación heterónima que El Salvador ha impreso en sus históricas relaciones con el gigante de el norte |a y, por otro lado, comprender cómo el movimiento social percibía la influencia norteamericana en el país | ||
| 650 | |a RELACIONES INTERNACIONALES | ||
| 650 | |a POLITICA INTERNACIONAL | ||
| 650 | |a IMPERIALISMO | ||
| 650 | |a MOVIMIENTOS SOCIALES | ||
| 650 | |a EL SALVADOR | ||
| 650 | |a ESTADOS UNIDOS | ||
| 773 | |g volumen 63, número 713 -714; páginas 165-178 | ||
| 999 | |c 19891 |d 19891 | ||
| 773 | 0 | |0 18723 |9 2715 |a Universidad Centroamericana José Simeón Cañas (UCA) |d San Salvador, El Salvador Universidad Centroamericana José Simeón |o 06207 |t ECA: | |
